Správa o stave životného prostredia SR v roku 2022 - obehové ukazovatele
V decembri 2023 Slovenská agentúra životného prostredia zverejnila Správu o stave životného prostredia SR v roku 2022. Obsahuje vyhodnotenie jednotlivých oblastí a podoblastí. Sústredenie na obehové ukazovatele, ktoré nám poskytujú iný pohľad, ako ponúkajú klasické odpadové ukazovatele.
Enregistré dans:
| Auteur principal: | |
|---|---|
| Format: | Chapitre de livre |
| Langue: | slovaque |
| Sujets: | |
| Tags: |
Pas de tags, Soyez le premier à ajouter un tag!
|
MARC
| LEADER | 00000naa a2200000 4500 | ||
|---|---|---|---|
| 001 | 0299792 | ||
| 005 | 20240417075309.5 | ||
| 041 | 0 | |a slo | |
| 044 | |a SK | ||
| 245 | 1 | 0 | |a Správa o stave životného prostredia SR v roku 2022 - obehové ukazovatele |c Peter Šimurka |
| 520 | |a V decembri 2023 Slovenská agentúra životného prostredia zverejnila Správu o stave životného prostredia SR v roku 2022. Obsahuje vyhodnotenie jednotlivých oblastí a podoblastí. Sústredenie na obehové ukazovatele, ktoré nám poskytujú iný pohľad, ako ponúkajú klasické odpadové ukazovatele. | ||
| 610 | 2 | 0 | |a prostredie životné |
| 610 | 2 | 0 | |a ukazovatele |
| 610 | 2 | 0 | |a hospodárstvo obehové |
| 610 | 2 | 0 | |a Slovensko |
| 610 | 2 | 0 | |a inovácie environmentálne |
| 610 | 2 | 0 | |a produktivita |
| 610 | 2 | 0 | |a materiál |
| 610 | 2 | 0 | |a recyklácia odpadu |
| 100 | 1 | |a Šimurka, Peter | |